Haikyuu!! Characters - Statistics

General Stats
  • This quiz has been taken 1,728 times
  • The average score is 11 of 18
Answer Stats
Hint Answer % Correct
Orange hair and jumps high Shōyō Hinata
100%
Has a lot of fan girls Toru Oikawa
92%
Looks like a cat Kozume Kenma
90%
Is always salty Kei Tsukishima
86%
Has rooster hair Testurō Kuroo
82%
Was bullied of his freckles Tadashi Yamaguchi
77%
Has a emo mode Kōtarō Bokuto
75%
The mom of karasuno Koshi Sugawara
74%
Shared name of the twins Miya
73%
Left handed Wakatoshi Ushijima
68%
Setter of one of the top 5 aces Keiji Akaashi
61%
Most beautiful person Shimizu Kiyoko
53%
Number 8 of Karasuno Kazuhito Narita
46%
Looks scary but is sweet Takanobu Aone
45%
Will kick you Morisuke Yaku
28%
Best middle blocker Rintarō Suna
27%
Looks like a angry bird Kanji Koganegawa
22%
Everyone in his team is scared of him Shinsuke Kita
17%
No matching quizzes found
Score Distribution
Percent of People with Each Score
Percentile by Number Answered
Your Score History
You have not taken this quiz